Score 0/25 Timer 08:00
0 Plays Today
Hint Answer % Correct
Pride and Prejudice
86.3%
1980s Stephen KingIt
85.6%
The Cat in the Hat
83%
Emma
75%
1810s Jane AustenSense and Sensibility
73.7%
Horton Hears a Who!
71.3%
1950s Dr. SeussHow the Grinch Stole Christmas!
68.9%
Harry Potter and the Goblet of Fire
63.3%
Cujo
59.7%
Harry Potter and the Half-Blood Prince
59.7%
2000s J. K. RowlingHarry Potter and the Deathly Hallows
57.3%
A Christmas Carol
51.9%
Northanger Abbey
51.4%
Hint Answer % Correct
1840s Charles DickensDavid Copperfield
50.6%
Misery
49.2%
Mansfield Park
45.6%
Christine
42.1%
Yertle the Turtle and Other Stories
40.1%
Fantastic Beasts and Where to Find Them
36.9%
Quidditch Through the Ages
28.6%
The Dark Tower: The Gunslinger
20.4%
The Old Curiosity Shop
18.4%
Barnaby Rudge
12%
Martin Chuzzlewit
10.2%
If I Ran the Zoo
6.2%
Remove Ads.
Support Sporcle.
Get the best of Sporcle when you Go Orange. This ad-free experience offers more features, more stats, and more fun while also helping to support Sporcle. Thank you for becoming a member.

You're not logged in!

Compare scores with friends on all Sporcle quizzes.
OR
Log In

Sporcle TV

Today on Sporcle TV


Watch our educational content, quiz creation guides, and fun videos on Sporcle TV.

Show Comments

Extras

Top Quizzes Today


Score Distribution

Paid Content

Your Account Isn't Verified!

In order to create a playlist on Sporcle, you need to verify the email address you used during registration. Go to your Sporcle Settings to finish the process.

Report this User

Report this user for behavior that violates our Community Guidelines.

Details: